ՀՀ Գիտությունների ազգային ակադեմիայի հիմնարար գիտական գրադարան  =   Fundamental Scientific Library of NAS RA

Մեղադրական գործ N4131 : (Record no. 76005)

MARC details
000 -LEADER
fixed length control field 01030nam a2200229 u 4500
001 - CONTROL NUMBER
control field 000216824
003 - CONTROL NUMBER IDENTIFIER
control field AM-YeHGA
005 - DATE AND TIME OF LATEST TRANSACTION
control field 20250618071502.0
008 - FIXED-LENGTH DATA ELEMENTS--GENERAL INFORMATION
fixed length control field 030408s1999 ai r 000 0 arm d
040 ## - CATALOGING SOURCE
Original cataloging agency AM-YeHGA
090 ## - LOCALLY ASSIGNED LC-TYPE CALL NUMBER (OCLC); LOCAL CALL NUMBER (RLIN)
-- 77238
100 1# - MAIN ENTRY--PERSONAL NAME
Personal name Բակունց, Ակսել,
Dates associated with a name 1899-1937
9 (RLIN) 961
245 10 - TITLE STATEMENT
Title Մեղադրական գործ N4131 :
Remainder of title [Դատական-մեղադրական գործի վավերագրեր] /
Statement of responsibility, etc. Ա.Ս. Բակունց; Խմբ.՝ Մ. Զիլֆուղարյան; Կազմ. և առաջաբ.՝ Դ. Գասպարյան.
260 ## - PUBLICATION, DISTRIBUTION, ETC.
Place of publication, distribution, etc. Երևան :
Name of publisher, distributor, etc. "Հրազդան-1" ՍՊԸ,
Date of publication, distribution, etc. 1999.
300 ## - PHYSICAL DESCRIPTION
Extent 191 էջ ;
Dimensions 20 սմ.
600 14 - SUBJECT ADDED ENTRY--PERSONAL NAME
Personal name Բակունց, Ակսել,
Dates associated with a name 1899-1937
9 (RLIN) 961
650 14 - SUBJECT ADDED ENTRY--TOPICAL TERM
Topical term or geographic name entry element Պետություն և իրավունք
650 14 - SUBJECT ADDED ENTRY--TOPICAL TERM
Topical term or geographic name entry element Քրեական դատավարություն
653 0# - INDEX TERM--UNCONTROLLED
Uncontrolled term Դատական գոցծ
700 1# - ADDED ENTRY--PERSONAL NAME
Personal name Զիլֆուղարյան, Մարտին
Numeration խմբ.
Titles and other words associated with a name edt
700 1# - ADDED ENTRY--PERSONAL NAME
Personal name Գասպարյան, Դավիթ Վազգենի,
Dates associated with a name 1947-
Relator term կազմ.
-- com
Relationship առաջաբ.
-- aui
9 (RLIN) 1501
Holdings
Withdrawn status Lost status Damaged status Not for loan Collection Home library Current library Date acquired Total checkouts Full call number Barcode Date last seen Price effective from Koha item type Public note
        General Fundamental Scientific Library Fundamental Scientific Library 22/12/2016   AII/85634 220085634 22/12/2016 22/12/2016 Գրքեր / Books 30 Days Loan
        General Fundamental Scientific Library Fundamental Scientific Library 22/12/2016   AII/86017 FL0067182 22/12/2016 22/12/2016 Գրքեր / Books 30 Days Loan


ՀՀ ԳԱԱ հիմնարար գիտական գրադարան
ՀՀ,Երևան 0019
Մարշալ Բաղրամյան 24/6
հեռախոս:(374-10) 52-47-50
Հետադարձ կապ

All site content, except where otherwise noted, is licensed under a
Creative Commons License